|
|
|
|
| LEADER |
00725nab a2200193 i 4500 |
| 001 |
acta3211 |
| 005 |
20210603125910.0 |
| 008 |
161015s1981 hu o 0|| rus d |
| 022 |
|
|
|a 0324-5268
|
| 040 |
|
|
|a SZTE Egyetemi Kiadványok Repozitórium
|b hun
|
| 041 |
|
|
|a rus
|
| 100 |
1 |
|
|a Krajkó Gyula
|
| 245 |
1 |
0 |
|a Èkonomičeskoe rajonirovanie s učetom nekotoryh faktorov regional'nogo rosta, a takže ih sovmestnogo vliâniâ
|h [elektronikus dokumentum] /
|c Krajkó Gyula
|
| 260 |
|
|
|c 1981
|
| 300 |
|
|
|a 55-88
|
| 490 |
0 |
|
|a Acta Universitatis Szegediensis : acta geographica
|v 21
|
| 695 |
|
|
|a Földrajztudomány
|
| 700 |
0 |
1 |
|a Bank Klára
|e aut
|
| 856 |
4 |
0 |
|u http://acta.bibl.u-szeged.hu/3211/1/geographica_021_055-088.pdf
|z Dokumentum-elérés
|